Statistics for English footballers who have won PL

Click here to take the quiz!

General Stats

  • This quiz has been taken 108 times
  • The average score is 32 of 81

Answer Stats

YearsAnswer% Correct
2005,2006,2010,2015,2017Terry
92%
1996,1997,1999,2000,2001,2003,2007,2008,2009,2011,2013Scholes
89%
2005,2006,2010Lampard
89%
1996,1997,1999,2000,2001,2013Beckham
89%
1996,1997,1999,2001,2003 | 2002,2004,2010 | 2005,2006,2010Cole
87%
1995Shearer
81%
2003,2007,2008,2009,2011,2013Ferdinand
81%
2007,2008,2009,2011,2013Rooney
79%
1996,1997,1999,2000,2001,2003 | 1996,1997,1999,2000,2001,2003,2007,2009Neville
79%
2016Vardy
71%
2012,2014Hart
67%
1998,2002Adams
66%
1996,1997,1999,2000,2001,2003Butt
61%
1999,2000,2001Sheringham
61%
2011Owen
61%
1995 | 2002Wright
60%
2015,2017Cahill
59%
2007,2008,2009,2011,2013Carrick
59%
1998,2002Seaman
58%
2013Jones
58%
2012,2014Milner
55%
1993,1994,1996Bruce
52%
2011,2013Smalling
49%
1995Sutton
48%
2016Drinkwater
46%
1998,2002Dixon
45%
2007Smith
44%
1998,2002,2004Keown
44%
1993,1994,1996,1997Pallister
41%
1999,2001,2003,2007,2008Brown
40%
2002,2004Campbell
40%
1998,2002,2004Parlour
39%
2016Albrighton
38%
2013Young
35%
1998Winterburn
35%
2012Barry
34%
1993,1994Ince
33%
1993,1994Parker
33%
1995Sherwood
33%
2005 | 2012Johnson
32%
1995Flowers
31%
2016Simpson
29%
1995Le Saux
29%
2013Welbeck
29%
1998Bould
29%
1993,1994Robson
29%
2008Hargreaves
28%
1993,1994,1996Sharpe
28%
2012,2014Lescott
27%
2006Wright-Phillips
26%
2012Richards
26%
2010Sturridge
25%
1996,1997May
22%
2005Bridge
20%
1995Hughes
19%
2016Gray
19%
1995Ripley
16%
1993Dublin
15%
2001Chadwick
13%
2017Loftus-Cheek
13%
2013Cleverley
13%
1993Phelan
12%
1995Platt
12%
2002Taylor
11%
1995Atkins
11%
1995Newell
11%
2014Rodwell
9%
1995Pearce
8%
2016Dyer
8%
1995Warhurst
8%
1995Gale
6%
2002Upson
6%
2007Richardson
6%
2001Wallwork
6%
1995Willcox
6%
2017Chalobah
5%

Score Distribution

Percentile by Number Answered

Percent of People with Each Score

Your Score History

You have not taken this quiz